| 000 | 00853nam a2200181 4500 | ||
|---|---|---|---|
| 008 | 070723s1905 nyufc 000 0 eng | ||
| 090 |
_aBL1801 _bP22c |
||
| 100 | 1 |
_aParker, Edward Harper, _d1849-1926. |
|
| 245 | 1 | 0 |
_aChina and religion / _cby Edward Harper Parker ... |
| 260 |
_New York : _bEp P. Dutton and Company, _c1905. |
||
| 300 |
_axxvii, 317, [1] p. _bfront. (port.) 11 pl. _c23 cm. |
||
| 500 | _a"List of authorities": p. xi-xiii. | ||
| 505 | 0 | _aIntroduction.--China's primitive religion.--Taoism.--Confucianism.--Buddhism.--Fire worship and Manicheism.--Nestorianism.--Islam.--The Jews.--The Roman church.--Protestantism.--The Orthodox church.--Shintoism.--Index. | |
| 651 | 4 |
_aChina _xReligion. |
|
| 951 |
_p30938 _x00035143 _oSP-CBL1801/P22c _j070723130805171 _d2000-12-21 _cSP-C GC |
||
| 999 |
_c29677 _d29677 |
||